zpět

Detail výsledku týmu

Pivovarský Dvůr ST, Liberec

Datum a čas kvízu

23.5 Celkem bodů Celkový počet nahraných bodů na tomto kvízu bez doplňovacích otázek.
5. Pořadí na kvízu Konečné umístění týmu na tomto kvízu.

Zaznamenané odpovědi

# Otázka Odpověď Body Výsledky
1. Dne 24. dubna oslavila jubilej... C 1
2. Ruská plynárenská společnost G... Polsko, Bulharsko 0
3. Ve středu večer se konalo slav... .David Stypka 1
4. Tradiční český výrobce letadel... v Kunovicích 0
5. Česká snowboardistka a sjezdov... windsurfing 0
6. Při závodech osmiveslic nesmí... kormidelníka 0
7. Aby byl kůň podle Mezinárodní... D 0
8. Sféra s 26 otvory, plocha 800... o florbale 1
9. Kterou hodnotu určuje číslo 88... B 0
10. Křížová cesta je řada kapliček... 14 zastavení 1